00325nam a2200121Ia 4500008004100000041000800041082001700049100001800066245004500084260003900129300002400168365001100192240624s9999 xx 000 0 und d aeng a338.8854 SIN aSINGH JAI B P aMULTINATIONAL IN INDIA MANAGING THE INTE c2004aNew DelhibSage Publications a296 : p. : cm. ; 25 cRSb32